[Event "Szuperliga - GM Szabo Laszlo"]
[Site "Gyongyossolymos"]
[Date "2024.04.21"]
[Round "7.4"]
[White "Petrisor, Adrian-Marian"]
[Black "Gonda, Laszlo"]
[Result "1/2-1/2"]
[WhiteElo "2386"]
[BlackElo "2480"]
[PlyCount "63"]
[EventDate "2023.10.28"]
[EventType "team-tourn"]
[EventRounds "9"]
[EventCountry "HUN"]
[Source "chess.hu"]
[WhiteTeam "Kekesi SE"]
[BlackTeam "Dunaharaszti MTK"]
[WhiteTeamCountry "HUN"]
[BlackTeamCountry "HUN"]

1. e4 e5 2. Nf3 Nc6 3. Nc3 Nf6 4. d4 exd4 5. Nxd4 Bb4 6. Nxc6 bxc6 7. Bd3 d5 8.
exd5 cxd5 9. O-O O-O 10. Bg5 c6 11. Qf3 Rb8 12. Ne2 Bg4 13. Bxf6 Bxf3 14. Bxd8
Bxe2 15. Bxe2 Rfxd8 16. a3 Bd6 17. b4 Be5 18. Rab1 Bc3 19. Rb3 d4 20. Rfb1 Rb6
21. a4 Rdb8 22. Bf3 Bxb4 23. Bxc6 a5 24. Bb5 Rc8 25. Bd3 Re8 26. g3 g6 27. Kg2
Kg7 28. c3 dxc3 29. Rxc3 Rd8 30. Rcb3 Rbd6 31. Bb5 Rc8 32. R1b2 1/2-1/2

[Event "Szuperliga - GM Szabo Laszlo"]
[Site "Gyongyossolymos"]
[Date "2024.04.21"]
[Round "7.5"]
[White "Csiki, Endre"]
[Black "Istvanovszki, Martin"]
[Result "1/2-1/2"]
[WhiteElo "2279"]
[BlackElo "2309"]
[PlyCount "60"]
[EventDate "2023.10.28"]
[EventType "team-tourn"]
[EventRounds "9"]
[EventCountry "HUN"]
[Source "chess.hu"]
[WhiteTeam "Dunaharaszti MTK"]
[BlackTeam "Kekesi SE"]
[WhiteTeamCountry "HUN"]
[BlackTeamCountry "HUN"]

1. e4 c5 2. Nf3 d6 3. d4 cxd4 4. Nxd4 Nf6 5. Nc3 g6 6. Be3 Nc6 7. f3 h5 8. Qd2
Nxd4 9. Bxd4 Bh6 10. Be3 Bxe3 11. Qxe3 Be6 12. O-O-O Qa5 13. Kb1 Rc8 14. a3 O-O
15. Qd2 Kg7 16. Bd3 Bc4 17. Bxc4 Rxc4 18. Nd5 Qxd2 19. Rxd2 Nxd5 20. Rxd5 Rfc8
21. c3 R8c7 22. Kc2 a6 23. Re1 b5 24. Re3 Kf6 25. g3 Rb7 26. Kd3 Rbc7 27. Kd2
Rc8 28. Ke2 R8c7 29. Kd2 Rc8 30. Ke2 R8c7 1/2-1/2

[Event "Szuperliga - GM Szabo Laszlo"]
[Site "Gyongyossolymos"]
[Date "2024.04.21"]
[Round "7.6"]
[White "Bohati, Tamas"]
[Black "Popovics, Adam"]
[Result "1/2-1/2"]
[WhiteElo "2256"]
[BlackElo "2361"]
[PlyCount "64"]
[EventDate "2023.10.28"]
[EventType "team-tourn"]
[EventRounds "9"]
[EventCountry "HUN"]
[Source "chess.hu"]
[WhiteTeam "Kekesi SE"]
[BlackTeam "Dunaharaszti MTK"]
[WhiteTeamCountry "HUN"]
[BlackTeamCountry "HUN"]

1. e4 e5 2. Nf3 Nc6 3. Bc4 Nf6 4. d3 Be7 5. c3 O-O 6. O-O d6 7. Bb3 a6 8. Nbd2
b5 9. a4 Bd7 10. a5 Qc8 11. Re1 Kh8 12. Nf1 Be6 13. Bc2 Ng8 14. Ne3 g6 15. d4
exd4 16. cxd4 Nb4 17. d5 Nxc2 18. Qxc2 Bd7 19. Bd2 c5 20. dxc6 Qxc6 21. Qd3 h6
22. e5 Be6 23. Nd4 Qd7 24. Nxe6 Qxe6 25. Nd5 Rad8 26. Bc3 Kh7 27. Qf3 Qf5 28.
Qxf5 gxf5 29. Bb4 Rfe8 30. exd6 Bxd6 31. Rxe8 Rxe8 32. Bc3 Re6 1/2-1/2

[Event "Szuperliga - GM Szabo Laszlo"]
[Site "Gyongyossolymos"]
[Date "2024.04.21"]
[Round "7.7"]
[White "Papp, Petra"]
[Black "Blasko, Istvan"]
[Result "1/2-1/2"]
[WhiteElo "2281"]
[BlackElo "2257"]
[PlyCount "60"]
[EventDate "2023.10.28"]
[EventType "team-tourn"]
[EventRounds "9"]
[EventCountry "HUN"]
[Source "chess.hu"]
[WhiteTeam "Dunaharaszti MTK"]
[BlackTeam "Kekesi SE"]
[WhiteTeamCountry "HUN"]
[BlackTeamCountry "HUN"]

1. e4 c5 2. Nf3 d6 3. d4 cxd4 4. Nxd4 Nf6 5. Nc3 Nc6 6. Bg5 Bd7 7. Qd2 a6 8.
O-O-O b5 9. Bxf6 gxf6 10. Nf5 b4 11. Ne2 Qa5 12. Kb1 Bxf5 13. exf5 Qxf5 14. Ng3
Qd7 15. Bc4 e6 16. Ne4 Bg7 17. Qxd6 Qxd6 18. Rxd6 f5 19. Rxc6 fxe4 20. Rxa6
Rxa6 21. Bxa6 Bd4 22. Re1 f5 23. Re2 Rg8 24. g3 h5 25. Bc4 Ke7 26. Rd2 Bc5 27.
c3 bxc3 28. bxc3 h4 29. Re2 e3 30. fxe3 hxg3 1/2-1/2

[Event "Szuperliga - GM Szabo Laszlo"]
[Site "Gyongyossolymos"]
[Date "2024.04.21"]
[Round "7.8"]
[White "Radnai, Adam"]
[Black "Borocz, Istvan"]
[Result "0-1"]
[WhiteElo "2273"]
[BlackElo "2320"]
[PlyCount "160"]
[EventDate "2023.10.28"]
[EventType "team-tourn"]
[EventRounds "9"]
[EventCountry "HUN"]
[Source "chess.hu"]
[WhiteTeam "Kekesi SE"]
[BlackTeam "Dunaharaszti MTK"]
[WhiteTeamCountry "HUN"]
[BlackTeamCountry "HUN"]

1. d4 Nf6 2. Bf4 d5 3. e3 c5 4. c3 Nc6 5. Nd2 cxd4 6. exd4 Bg4 7. Qb3 Qc8 8. h3
Bh5 9. Ngf3 e6 10. Ne5 Be7 11. g4 Bg6 12. h4 Nxe5 13. Bxe5 Nxg4 14. Bxg7 Rg8
15. Qa4+ Kd8 16. h5 Bxh5 17. Rxh5 Rxg7 18. Be2 Nf6 19. Rh1 Qc6 20. Qc2 Qd6 21.
Bd3 Qf4 22. Bxh7 Rg2 23. O-O-O Rxf2 24. Rdf1 Kc7 25. Rxf2 Qxf2 26. Rf1 Qe3 27.
Qd3 Qh6 28. Qc2 Rh8 29. Bd3 Qe3 30. Kb1 Rh3 31. Bb5 Rh2 32. Rd1 Ne4 33. Nf1
Rxc2 34. Nxe3 Rf2 35. Ng4 Rf4 36. Rg1 Bd6 37. Kc2 Kd8 38. Bd3 Ke7 39. Rg2 Ng5
40. a4 Nf3 41. Kd1 Nh4 42. Rg1 Nf5 43. Ke2 Nh4 44. Ne3 Kf8 45. b4 Rf3 46. Rh1
Rf4 47. Rg1 Be7 48. Bh7 Ke8 49. Rg8+ Bf8 50. Bd3 Ke7 51. a5 Rf3 52. Rh8 Rh3 53.
Ng4 Ng6 54. Rxh3 Nf4+ 55. Ke1 Nxh3 56. a6 bxa6 57. Ne5 f6 58. Nc6+ Kd6 59. Nxa7
Kc7 60. Bxa6 Kb6 61. Bf1 Ng5 62. Nb5 Ne4 63. Bd3 Bh6 64. Bxe4 dxe4 65. Nd6 f5
66. Nf7 Bf4 67. c4 Be3 68. d5 exd5 69. cxd5 Kc7 70. Ne5 Bd4 71. Nc4 Bb6 72. Ne5
f4 73. Nc4 Bd4 74. Kd2 f3 75. b5 Bc5 76. Kd1 e3 77. d6+ Kd8 78. b6 e2+ 79. Ke1
Bb4+ 80. Nd2 Kc8 0-1

[Event "Szuperliga - GM Szabo Laszlo"]
[Site "Gyongyossolymos"]
[Date "2024.04.21"]
[Round "7.9"]
[White "Herpai, Jozsef Matyas"]
[Black "Onodi, Miklos"]
[Result "0-1"]
[WhiteElo "2035"]
[BlackElo "2026"]
[PlyCount "106"]
[EventDate "2023.10.28"]
[EventType "team-tourn"]
[EventRounds "9"]
[EventCountry "HUN"]
[Source "chess.hu"]
[WhiteTeam "Dunaharaszti MTK"]
[BlackTeam "Kekesi SE"]
[WhiteTeamCountry "HUN"]
[BlackTeamCountry "HUN"]

1. e4 Nf6 2. e5 Nd5 3. d4 d6 4. Nf3 Nb6 5. a4 a5 6. Nc3 g6 7. exd6 exd6 8. h4
Bg4 9. Bg5 f6 10. Be3 d5 11. Qd2 Bb4 12. Bd3 Qd7 13. Qe2 O-O 14. O-O Bxc3 15.
bxc3 Nxa4 16. Ra3 Nb6 17. Rfa1 a4 18. c4 Bxf3 19. Qxf3 dxc4 20. Be4 c6 21. Bh6
Rf7 22. h5 f5 23. hxg6 hxg6 24. Qg3 Qe6 25. Bf3 N8d7 26. Re3 Qf6 27. Bh5 f4 28.
Bxf4 Qxf4 29. Qxg6+ Rg7 30. Qe6+ Kh8 31. Bg6 Nf8 32. Rh3+ Rh7 33. Rxh7+ Nxh7
34. Qh3 Qc7 35. Re1 a3 36. Qh4 a2 37. Ra1 Nd5 38. g3 Qe7 39. Qh2 Ndf6 40. Kg2
Qg7 41. Bf5 Qf7 42. f3 Qh5 43. Qxh5 Nxh5 44. Be6 b5 45. Bd7 Ra6 46. d5 cxd5 47.
Bxb5 Ra5 48. Bc6 Ng7 49. Kf2 Nf5 50. c3 Nf6 51. g4 Ne7 52. g5 Nxc6 53. gxf6 Kg8
0-1

[Event "Szuperliga - GM Szabo Laszlo"]
[Site "Gyongyossolymos"]
[Date "2024.04.21"]
[Round "7.10"]
[White "Kovacs, Veronika"]
[Black "Repasi, Zoltan Jr"]
[Result "0-1"]
[WhiteElo "1789"]
[BlackElo "2141"]
[PlyCount "92"]
[EventDate "2023.10.28"]
[EventType "team-tourn"]
[EventRounds "9"]
[EventCountry "HUN"]
[Source "chess.hu"]
[WhiteTeam "Kekesi SE"]
[BlackTeam "Dunaharaszti MTK"]
[WhiteTeamCountry "HUN"]
[BlackTeamCountry "HUN"]

1. d4 g6 2. Bf4 Bg7 3. Nc3 d6 4. e4 Nd7 5. Nf3 e6 6. Qd2 h6 7. O-O-O a6 8. h4
b5 9. a3 Nb6 10. Be2 c6 11. g4 Bb7 12. Bg3 Ne7 13. Ne1 a5 14. Nb1 d5 15. e5 Nc4
16. Bxc4 dxc4 17. c3 c5 18. Rf1 h5 19. f3 Nd5 20. dxc5 Qc7 21. Ng2 Bh6 22. g5
Bf8 23. Qe2 Bxc5 24. Nd2 Ne7 25. Ne4 Bxe4 26. Qxe4 Nd5 27. Bf2 Be7 28. Ne3 O-O
29. Nxd5 exd5 30. Qxd5 b4 31. a4 bxc3 32. bxc3 Rab8 33. Kc2 Ba3 34. Rb1 Rbd8
35. Qe4 Rfe8 36. Bb6 Qd7 37. Bxd8 Qxa4+ 38. Kd2 Rxd8+ 39. Ke2 Bc5 40. Rb2 Rd3
41. Qa8+ Kg7 42. Rc1 Qd7 43. Qe4 Qh3 44. Rbc2 Qg2+ 45. Ke1 Qg1+ 46. Ke2 Qf2#
0-1

[Event "Szuperliga - GM Szabo Laszlo"]
[Site "Paks"]
[Date "2024.04.21"]
[Round "7.1"]
[White "Erdos, Viktor"]
[Black "Lupulescu, Constantin"]
[Result "1/2-1/2"]
[WhiteElo "2545"]
[BlackElo "2589"]
[PlyCount "32"]
[EventDate "2023.10.28"]
[EventType "team-tourn"]
[EventRounds "9"]
[EventCountry "HUN"]
[Source "chess.hu"]
[WhiteTeam "Aquarena Kobanya SC"]
[BlackTeam "ASE Paks"]
[WhiteTeamCountry "HUN"]
[BlackTeamCountry "HUN"]

1. e4 e5 2. Nf3 Nf6 3. d4 Nxe4 4. Bd3 Nc6 5. Nxe5 Nxe5 6. dxe5 Nc5 7. Bf4 d5 8.
exd6 Bxd6 9. Bb5+ Bd7 10. Bxd6 Bxb5 11. Bxc5 Qg5 12. Qd4 Qc1+ 13. Qd1 Qg5 14.
Qd4 Qc1+ 15. Qd1 Qg5 16. Qd4 Qc1+ 1/2-1/2

[Event "Szuperliga - GM Szabo Laszlo"]
[Site "Paks"]
[Date "2024.04.21"]
[Round "7.2"]
[White "Kozak, Adam"]
[Black "Livaic, Leon"]
[Result "0-1"]
[WhiteElo "2610"]
[BlackElo "2549"]
[PlyCount "76"]
[EventDate "2023.10.28"]
[EventType "team-tourn"]
[EventRounds "9"]
[EventCountry "HUN"]
[Source "chess.hu"]
[WhiteTeam "ASE Paks"]
[BlackTeam "Aquarena Kobanya SC"]
[WhiteTeamCountry "HUN"]
[BlackTeamCountry "HUN"]

1. e4 d6 2. d4 Nf6 3. Nc3 e5 4. Nf3 Nbd7 5. g3 c6 6. Bg2 b5 7. O-O Be7 8. Re1
O-O 9. a4 b4 10. Nb1 a5 11. c3 Ba6 12. b3 bxc3 13. Nxc3 Rb8 14. Ba3 Re8 15. Rb1
Qc7 16. Qc2 Qa7 17. Red1 Bf8 18. h3 Rec8 19. Bb2 Re8 20. Ba1 Rbc8 21. dxe5 dxe5
22. Na2 c5 23. Nc3 c4 24. bxc4 Bxc4 25. Nd2 Be2 26. Re1 Ba6 27. Qa2 Bb4 28. Nb5
Qc5 29. Bf1 Bb7 30. Re3 Qc2 31. Rb2 Qd1 32. Rxb4 axb4 33. Nd6 Rf8 34. Nxc8 Rxc8
35. Nf3 Rc1 36. Re1 Qxf3 37. Rxc1 Bxe4 38. Rc8+ Nf8 0-1

[Event "Szuperliga - GM Szabo Laszlo"]
[Site "Paks"]
[Date "2024.04.21"]
[Round "7.3"]
[White "Samunenkov, Ihor"]
[Black "Parligras, Mircea-Emilian"]
[Result "1/2-1/2"]
[WhiteElo "2548"]
[BlackElo "2557"]
[PlyCount "60"]
[EventDate "2023.10.28"]
[EventType "team-tourn"]
[EventRounds "9"]
[EventCountry "HUN"]
[Source "chess.hu"]
[WhiteTeam "Aquarena Kobanya SC"]
[BlackTeam "ASE Paks"]
[WhiteTeamCountry "HUN"]
[BlackTeamCountry "HUN"]

1. d4 Nf6 2. c4 e6 3. Nf3 d5 4. g3 Bb4+ 5. Bd2 Be7 6. Bg2 c6 7. O-O O-O 8. Qc2
Nbd7 9. Bf4 b6 10. cxd5 cxd5 11. Rc1 Bb7 12. Bc7 Qe8 13. Qb3 Ne4 14. Nc3 Ndf6
15. Nb5 Ng4 16. Bf4 Qd8 17. Ne5 Nxe5 18. Bxe5 Nd6 19. Bxd6 Bxd6 20. Rc3 a6 21.
Nxd6 Qxd6 22. Rac1 Rfc8 23. Qc2 h6 24. Rc7 a5 25. Bf1 Ba6 26. e3 Rxc7 27. Qxc7
Qxc7 28. Rxc7 Rc8 29. Rxc8+ Bxc8 30. Bd3 g5 1/2-1/2

[Event "Szuperliga - GM Szabo Laszlo"]
[Site "Paks"]
[Date "2024.04.21"]
[Round "7.4"]
[White "Berkes, Ferenc"]
[Black "Nagy, Gabor"]
[Result "1-0"]
[WhiteElo "2615"]
[BlackElo "2436"]
[PlyCount "85"]
[EventDate "2023.10.28"]
[EventType "team-tourn"]
[EventRounds "9"]
[EventCountry "HUN"]
[Source "chess.hu"]
[WhiteTeam "ASE Paks"]
[BlackTeam "Aquarena Kobanya SC"]
[WhiteTeamCountry "HUN"]
[BlackTeamCountry "HUN"]

1. d4 Nf6 2. c4 e6 3. Nf3 b6 4. e3 Bb7 5. Bd3 d5 6. cxd5 exd5 7. O-O Bd6 8. b3
Qe7 9. Nc3 a6 10. Bb2 Nbd7 11. Rc1 O-O 12. Ne2 Ne4 13. Nf4 g5 14. Nh5 f5 15.
Qe2 Rae8 16. Bxa6 Bxa6 17. Qxa6 Qf7 18. Ng3 Ra8 19. Qe2 Rxa2 20. Ra1 Rxa1 21.
Bxa1 h6 22. Ne5 Nxe5 23. dxe5 Bc5 24. Bd4 f4 25. Nxe4 dxe4 26. Bxc5 bxc5 27.
exf4 Qxf4 28. Qc4+ Kg7 29. Qxc5 e3 30. Qxe3 Qxe3 31. fxe3 Rb8 32. Rc1 Rxb3 33.
Kf2 Kg6 34. Rc6+ Kf5 35. Rxh6 Rb6 36. Rh7 Rc6 37. Rg7 g4 38. e6 Rc2+ 39. Kg3
Re2 40. Rf7+ Kg5 41. Rg7+ Kf6 42. Rxc7 Rxe3+ 43. Kxg4 1-0

[Event "Szuperliga - GM Szabo Laszlo"]
[Site "Paks"]
[Date "2024.04.21"]
[Round "7.5"]
[White "Karacsonyi, Gellert"]
[Black "Acs, Peter"]
[Result "1/2-1/2"]
[WhiteElo "2387"]
[BlackElo "2582"]
[PlyCount "43"]
[EventDate "2023.10.28"]
[EventType "team-tourn"]
[EventRounds "9"]
[EventCountry "HUN"]
[Source "chess.hu"]
[WhiteTeam "Aquarena Kobanya SC"]
[BlackTeam "ASE Paks"]
[WhiteTeamCountry "HUN"]
[BlackTeamCountry "HUN"]

1. e4 c5 2. Nf3 d6 3. d4 cxd4 4. Nxd4 Nf6 5. Nc3 Nc6 6. Bg5 e6 7. Qd2 a6 8.
O-O-O Bd7 9. f4 Be7 10. Nf3 b5 11. Bxf6 gxf6 12. f5 Qb6 13. Qh6 O-O-O 14. Qh5
Rhf8 15. Kb1 Kb8 16. Qxh7 Rh8 17. Qxf7 Rdf8 18. Qg6 Rfg8 19. Qf7 Rf8 20. Qg6
Rfg8 21. Qf7 Rf8 22. Qg6 1/2-1/2

[Event "Szuperliga - GM Szabo Laszlo"]
[Site "Paks"]
[Date "2024.04.21"]
[Round "7.6"]
[White "Fodor, Tamas Jr"]
[Black "Szabo, Bence"]
[Result "1-0"]
[WhiteElo "2483"]
[BlackElo "2340"]
[PlyCount "77"]
[EventDate "2023.10.28"]
[EventType "team-tourn"]
[EventRounds "9"]
[EventCountry "HUN"]
[Source "chess.hu"]
[WhiteTeam "ASE Paks"]
[BlackTeam "Aquarena Kobanya SC"]
[WhiteTeamCountry "HUN"]
[BlackTeamCountry "HUN"]

1. d4 Nf6 2. Bf4 d5 3. e3 c5 4. Nf3 Nc6 5. Nbd2 e6 6. c3 cxd4 7. exd4 Nh5 8.
Be3 Bd6 9. Nb3 Qc7 10. Rc1 O-O 11. c4 dxc4 12. Bxc4 Nf4 13. O-O Qd8 14. Re1 Nb4
15. a3 Nbd5 16. Ne5 Ng6 17. Nxg6 hxg6 18. Qf3 b6 19. Bxd5 exd5 20. Bf4 Bf5 21.
Nd2 Bxf4 22. Qxf4 Rc8 23. Nf1 Qd7 24. h3 a5 25. Qd2 Qa4 26. Ne3 Be6 27. Qd3
Rfd8 28. g4 g5 29. Nf1 Rc6 30. Rxc6 Qxc6 31. Qe3 Rc8 32. Qxg5 Qc2 33. Qe7 Kh7
34. Nh2 Qd3 35. Kg2 Qxd4 36. Nf3 Qf6 37. Qb7 Rc2 38. Re5 g6 39. Rxe6 1-0

[Event "Szuperliga - GM Szabo Laszlo"]
[Site "Paks"]
[Date "2024.04.21"]
[Round "7.7"]
[White "Krizsany, Laszlo"]
[Black "Kaczur, Florian"]
[Result "1/2-1/2"]
[WhiteElo "2339"]
[BlackElo "2532"]
[PlyCount "171"]
[EventDate "2023.10.28"]
[EventType "team-tourn"]
[EventRounds "9"]
[EventCountry "HUN"]
[Source "chess.hu"]
[WhiteTeam "Aquarena Kobanya SC"]
[BlackTeam "ASE Paks"]
[WhiteTeamCountry "HUN"]
[BlackTeamCountry "HUN"]

1. d4 Nf6 2. c4 c5 3. d5 b5 4. Nd2 b4 5. e4 d6 6. a3 Nbd7 7. Ngf3 a5 8. b3 g6
9. Bb2 Bg7 10. Qc2 O-O 11. Be2 Bb7 12. O-O Qc7 13. Rfe1 e6 14. dxe6 fxe6 15. e5
dxe5 16. Ng5 Rae8 17. Bf3 e4 18. Ngxe4 Bxe4 19. Nxe4 Ne5 20. Bxe5 Qxe5 21.
Nxf6+ Qxf6 22. axb4 axb4 23. Ra6 Qc3 24. Qb1 Bd4 25. Raxe6 Rxe6 26. Rxe6 Rxf3
27. gxf3 Qxf3 28. Qe1 Bxf2+ 29. Qxf2 Qg4+ 30. Kf1 Qxe6 31. Qxc5 Qh3+ 32. Ke1
Qxb3 33. Qd5+ Kg7 34. Qe5+ Kh6 35. c5 Qb1+ 36. Kd2 Qa2+ 37. Ke3 Qb3+ 38. Kd2
Qa2+ 39. Ke3 Qc4 40. Qf4+ Qxf4+ 41. Kxf4 b3 42. c6 b2 43. c7 b1=Q 44. c8=Q g5+
45. Kg3 Qd3+ 46. Kg2 Qe4+ 47. Kg3 Qe5+ 48. Kg2 Qe4+ 49. Kg3 Kh5 50. Qh3+ Kg6
51. Qd7 Qe5+ 52. Kg2 Qe4+ 53. Kg3 h6 54. Qc8 Qd3+ 55. Kg2 Qd5+ 56. Kg3 Qd6+ 57.
Kg2 Kf6 58. Qc3+ Kg6 59. Qc8 Qd5+ 60. Kg3 Qe5+ 61. Kg2 Qf5 62. Qe8+ Qf7 63. Qc8
h5 64. Qc6+ Qf6 65. Qe4+ Kh6 66. h3 Qd6 67. Qf5 h4 68. Qc8 Qg3+ 69. Kf1 Qf3+
70. Kg1 Qe3+ 71. Kg2 Kg6 72. Qg8+ Kf6 73. Qf8+ Ke5 74. Qe7+ Kd4 75. Qd6+ Kc4
76. Qc6+ Kb4 77. Qb7+ Kc3 78. Qc6+ Kd2 79. Qd5+ Kc2 80. Qc6+ Kd1 81. Qd5+ Ke1
82. Qa5+ Qd2+ 83. Qxd2+ Kxd2 84. Kf2 Kd1 85. Kf1 Kd2 86. Kf2 1/2-1/2

[Event "Szuperliga - GM Szabo Laszlo"]
[Site "Paks"]
[Date "2024.04.21"]
[Round "7.8"]
[White "Krstulovic, Alex"]
[Black "Polyik, Peter"]
[Result "1-0"]
[WhiteElo "2447"]
[BlackElo "2312"]
[PlyCount "79"]
[EventDate "2023.10.28"]
[EventType "team-tourn"]
[EventRounds "9"]
[EventCountry "HUN"]
[Source "chess.hu"]
[WhiteTeam "ASE Paks"]
[BlackTeam "Aquarena Kobanya SC"]
[WhiteTeamCountry "HUN"]
[BlackTeamCountry "HUN"]

1. d4 d5 2. Nf3 Nf6 3. Bf4 e6 4. e3 Bd6 5. Ne5 O-O 6. Nd2 c5 7. c3 c4 8. Qf3
Nc6 9. Be2 Bxe5 10. dxe5 Nd7 11. Qg3 Kh8 12. e4 b5 13. exd5 exd5 14. O-O Nc5
15. Rfd1 Bf5 16. Nf1 Bd3 17. Bg4 Ne4 18. Qe3 f5 19. exf6 Qxf6 20. Bg3 b4 21.
Nd2 Nxg3 22. Qxg3 bxc3 23. bxc3 Qxc3 24. Nf3 Qf6 25. Rac1 Rab8 26. Ne1 Ne5 27.
Nf3 Nxg4 28. Qxg4 Be4 29. Qg5 Qxg5 30. Nxg5 Bd3 31. Ne6 Rf7 32. Nc5 Rb2 33.
Nxd3 Rxa2 34. f3 Rb7 35. Ne1 g6 36. Rd4 c3 37. Rd3 Ra3 38. Nc2 Rbb3 39. Nd4 Rb4
40. Ne6 1-0

[Event "Szuperliga - GM Szabo Laszlo"]
[Site "Paks"]
[Date "2024.04.21"]
[Round "7.9"]
[White "Havanecz, Bianka"]
[Black "Lazarne Vajda, Szidonia"]
[Result "1/2-1/2"]
[WhiteElo "2205"]
[BlackElo "2293"]
[PlyCount "24"]
[EventDate "2023.10.28"]
[EventType "team-tourn"]
[EventRounds "9"]
[EventCountry "HUN"]
[Source "chess.hu"]
[WhiteTeam "Aquarena Kobanya SC"]
[BlackTeam "ASE Paks"]
[WhiteTeamCountry "HUN"]
[BlackTeamCountry "HUN"]

1. d4 d5 2. c4 e6 3. Nf3 Nf6 4. g3 Be7 5. Bg2 O-O 6. O-O c6 7. Nc3 b6 8. Bg5
Nh5 9. Be3 Nf6 10. Bg5 Nh5 11. Be3 Nf6 12. Bg5 Nh5 1/2-1/2

[Event "Szuperliga - GM Szabo Laszlo"]
[Site "Paks"]
[Date "2024.04.21"]
[Round "7.10"]
[White "Tancsa, Tamas"]
[Black "Foldes, Marton Gabor"]
[Result "1-0"]
[WhiteElo "2218"]
[BlackElo "2118"]
[PlyCount "133"]
[EventDate "2023.10.28"]
[EventType "team-tourn"]
[EventRounds "9"]
[EventCountry "HUN"]
[Source "chess.hu"]
[WhiteTeam "ASE Paks"]
[BlackTeam "Aquarena Kobanya SC"]
[WhiteTeamCountry "HUN"]
[BlackTeamCountry "HUN"]

1. e4 c5 2. Nf3 e6 3. d4 cxd4 4. Nxd4 Nf6 5. Nc3 Nc6 6. Ndb5 Bb4 7. a3 Bxc3+ 8.
Nxc3 d5 9. exd5 exd5 10. Bg5 O-O 11. Be2 Re8 12. O-O d4 13. Nb1 Qd6 14. Nd2 Qe5
15. Bxf6 Qxe2 16. Bh4 Bf5 17. Rc1 h6 18. f3 g5 19. Bf2 Rad8 20. Re1 Qxd1 21.
Rexd1 Re2 22. b4 a6 23. Kf1 Rde8 24. Re1 Rxe1+ 25. Bxe1 d3 26. c3 Re2 27. Rd1
Be6 28. Ne4 Bc4 29. Rd2 Ne5 30. Nd6 Rxd2 31. Bxd2 Bd5 32. Kf2 Kf8 33. Ke3 Ke7
34. Nf5+ Kf6 35. Nxh6 Nc4+ 36. Kxd3 Nxa3 37. Ng4+ Kg6 38. Ne3 Be6 39. c4 f5 40.
Bc1 Nb1 41. Nd1 Bd7 42. Nf2 Ba4 43. Nh3 g4 44. Nf4+ Kf7 45. h4 gxf3 46. gxf3
Bd1 47. Ne2 Kg6 48. Nd4 Ba4 49. Ne6 Bd1 50. Ke3 Bb3 51. Kd4 Bd1 52. Nf4+ Kh6
53. Ke3 Bb3 54. Kd3 Bd1 55. Ne2+ Kg6 56. Nd4 Ba4 57. h5+ Kxh5 58. Nxf5 Kg6 59.
Nd6 b6 60. f4 Bd1 61. f5+ Kf6 62. Bb2+ Ke7 63. c5 bxc5 64. bxc5 Ba4 65. f6+ Kf8
66. Bc1 Bb3 67. c6 1-0

[Event "Szuperliga - GM Szabo Laszlo"]
[Site "Nagykanizsa"]
[Date "2024.04.21"]
[Round "7.1"]
[White "Plat, Vojtech"]
[Black "Volokitin, Andrei"]
[Result "1-0"]
[WhiteElo "2506"]
[BlackElo "2674"]
[PlyCount "79"]
[EventDate "2023.10.28"]
[EventType "team-tourn"]
[EventRounds "9"]
[EventCountry "HUN"]
[Source "chess.hu"]
[WhiteTeam "Viadukt Biatorbagy"]
[BlackTeam "Tuxera ANSK"]
[WhiteTeamCountry "HUN"]
[BlackTeamCountry "HUN"]

1. d4 Nf6 2. c4 e6 3. Nc3 Bb4 4. Qc2 d5 5. a3 Bxc3+ 6. Qxc3 O-O 7. Nf3 b6 8. g3
Ba6 9. c5 Ne4 10. Qc2 bxc5 11. dxc5 Qf6 12. Be3 Nc6 13. Rc1 Rfb8 14. b3 Na5 15.
Bd4 Qf5 16. g4 Qf4 17. Be5 Qh6 18. g5 Nxg5 19. Rg1 f6 20. Nxg5 fxe5 21. Bh3 Re8
22. b4 Nc6 23. Qa4 Bb7 24. Rc3 e4 25. b5 Ne5 26. Rcg3 Bc8 27. Kf1 Qf6 28. Nxe4
dxe4 29. Rxg7+ Kh8 30. Qxe4 Ng6 31. R7xg6 hxg6 32. Rxg6 Bb7 33. c6 Bxc6 34.
bxc6 Qa1+ 35. Kg2 Re7 36. Rh6+ Kg7 37. Qh7+ Kf8 38. Qh8+ Qxh8 39. Rxh8+ Kg7 40.
Rxa8 1-0

[Event "Szuperliga - GM Szabo Laszlo"]
[Site "Nagykanizsa"]
[Date "2024.04.21"]
[Round "7.2"]
[White "Gledura, Benjamin"]
[Black "Pacher, Milan"]
[Result "1/2-1/2"]
[WhiteElo "2615"]
[BlackElo "2415"]
[PlyCount "87"]
[EventDate "2023.10.28"]
[EventType "team-tourn"]
[EventRounds "9"]
[EventCountry "HUN"]
[Source "chess.hu"]
[WhiteTeam "Tuxera ANSK"]
[BlackTeam "Viadukt Biatorbagy"]
[WhiteTeamCountry "HUN"]
[BlackTeamCountry "HUN"]

1. c4 e5 2. g3 Nf6 3. Bg2 h6 4. Nf3 Nc6 5. Nc3 Bb4 6. Nd5 a5 7. O-O O-O 8. b3
d6 9. Bb2 Re8 10. e3 Bc5 11. a3 Bf5 12. d3 Nxd5 13. cxd5 Nb8 14. d4 exd4 15.
Nxd4 Bg6 16. Rc1 Nd7 17. Qe2 Nf6 18. Rfd1 Bb6 19. Qc4 Ne4 20. Ne6 fxe6 21. dxe6
Qe7 22. Bxe4 Bxe4 23. Qxe4 Qxe6 24. Qxb7 Qxb3 25. Bd4 Rab8 26. Qc6 Bxd4 27.
Rxd4 Re7 28. Rc3 Qb1+ 29. Kg2 Qb7 30. Rdc4 Kf8 31. h4 Rf7 32. Rc2 g6 33. e4 h5
34. Qa4 Qb3 35. Qxb3 Rxb3 36. R4c3 Rxc3 37. Rxc3 Ke8 38. f4 Kd7 39. Rd3 c6 40.
Kf3 Kc7 41. g4 hxg4+ 42. Kxg4 Re7 43. Kf3 Rh7 44. Kg4 1/2-1/2

[Event "Szuperliga - GM Szabo Laszlo"]
[Site "Nagykanizsa"]
[Date "2024.04.21"]
[Round "7.4"]
[White "Antal, Gergely"]
[Black "Bokros, Albert"]
[Result "1/2-1/2"]
[WhiteElo "2587"]
[BlackElo "2410"]
[PlyCount "62"]
[EventDate "2023.10.28"]
[EventType "team-tourn"]
[EventRounds "9"]
[EventCountry "HUN"]
[Source "chess.hu"]
[WhiteTeam "Tuxera ANSK"]
[BlackTeam "Viadukt Biatorbagy"]
[WhiteTeamCountry "HUN"]
[BlackTeamCountry "HUN"]

1. e4 c5 2. Nf3 e6 3. c3 Nf6 4. e5 Nd5 5. d4 cxd4 6. cxd4 d6 7. Bc4 Nc6 8. O-O
Be7 9. Qe2 O-O 10. Rd1 a6 11. Nc3 Nxc3 12. bxc3 dxe5 13. dxe5 Qc7 14. Bd3 Bd7
15. Bf4 Rfd8 16. h4 Be8 17. Ng5 g6 18. h5 Rd5 19. hxg6 hxg6 20. Qg4 Nxe5 21.
Qh4 Bxg5 22. Bxg5 f5 23. Bc2 Qc4 24. Rxd5 Qxh4 25. Bxh4 exd5 26. Re1 Nc6 27.
Re6 Bf7 28. Rd6 Re8 29. Rd7 b5 30. Bb3 Na5 31. Bf6 Nxb3 1/2-1/2

[Event "Szuperliga - GM Szabo Laszlo"]
[Site "Nagykanizsa"]
[Date "2024.04.21"]
[Round "7.5"]
[White "Bagi, Mate"]
[Black "Markus, Robert"]
[Result "1/2-1/2"]
[WhiteElo "2423"]
[BlackElo "2590"]
[PlyCount "61"]
[EventDate "2023.10.28"]
[EventType "team-tourn"]
[EventRounds "9"]
[EventCountry "HUN"]
[Source "chess.hu"]
[WhiteTeam "Viadukt Biatorbagy"]
[BlackTeam "Tuxera ANSK"]
[WhiteTeamCountry "HUN"]
[BlackTeamCountry "HUN"]

1. e4 Nf6 2. e5 Nd5 3. d4 d6 4. c4 Nb6 5. exd6 exd6 6. Nc3 Be7 7. Bd3 c6 8. h3
Na6 9. a3 Be6 10. b3 Bf6 11. Nge2 O-O 12. Qc2 g6 13. Bh6 Bg7 14. Qd2 Bxh6 15.
Qxh6 f5 16. h4 Qf6 17. Qg5 Nc7 18. Qxf6 Rxf6 19. Kd2 a5 20. a4 Bf7 21. Nf4 Ne6
22. Nce2 c5 23. d5 Nxf4 24. Nxf4 Nd7 25. Rae1 Ne5 26. Bc2 Re8 27. Re2 Ng4 28.
Rxe8+ Bxe8 29. Re1 Bd7 30. f3 Ne5 31. Nd3 1/2-1/2